| 000 | 00341nam a22001337a 4500 | ||
|---|---|---|---|
| 020 | _a007506765 | ||
| 040 | _cDLC | ||
| 082 | _a336 COP 1986 A006 Or. | ||
| 100 | _aBY MACMILLAN. | ||
| 245 | _aTHE RANDOM HOUSE ACHIEVEMENT PROGRAM IN OTERATURE. | ||
| 260 |
_aMCGRAW _bHILL SCHOOL PUBLISHING COMPANY _c1986 |
||
| 300 | _a248P | ||
| 942 | _cAEDBB | ||
| 999 |
_c22081 _d22081 |
||